La práctica de campo como alternativa metodológica.
El informe expone las formas de enseñanza tradicionales como herramientas extintas, frente a la propuesta de la enseñanza basada en la práctica de campo, como un área de investigación que debe abarcar el estudiante, lo cual le permite explorar de manera eficiente su entorno, en este caso aplicado a...
محفوظ في:
| المؤلف الرئيسي: | |
|---|---|
| مؤلفون مشاركون: | , |
| التنسيق: | كتاب |
| اللغة: | Spanish |
| منشور في: |
Bogotá:
IDEP; U. Distrital,
1998.
|
| سلاسل: | Hacia la enseñanza de una geografía renovada
|
| الموضوعات: | |
| الوصول للمادة أونلاين: | Enlace del recurso |
| الوسوم: |
إضافة وسم
لا توجد وسوم, كن أول من يضع وسما على هذه التسجيلة!
|
MARC
| LEADER | 00000cam a2200000 a 4500 | ||
|---|---|---|---|
| 001 | 000112 | ||
| 003 | OSt | ||
| 005 | 20251026064415.0 | ||
| 007 | ta | ||
| 008 | 080121s1998 ck fr o000 | spa | ||
| 999 | |c 2265 |d 2265 | ||
| 040 | |a CNA-IDEP |b SPA |e RCAA | ||
| 041 | 0 | |a spa | |
| 084 | |a INV178 | ||
| 100 | 1 | |a Barrera Hernández, Adriana Patricia |9 18352 | |
| 245 | 1 | 3 | |a La práctica de campo como alternativa metodológica. |c Por Adriana Patricia Barrera Hernández |
| 260 | 3 | |a Bogotá: |b IDEP; U. Distrital, |c 1998. | |
| 300 | |a 38 páginas. | ||
| 440 | 0 | |a Hacia la enseñanza de una geografía renovada |9 17985 | |
| 520 | 3 | |a El informe expone las formas de enseñanza tradicionales como herramientas extintas, frente a la propuesta de la enseñanza basada en la práctica de campo, como un área de investigación que debe abarcar el estudiante, lo cual le permite explorar de manera eficiente su entorno, en este caso aplicado a la geografía. | |
| 650 | 1 | 7 | |a Enseñanza en grupo |2 BNE |9 18353 |
| 650 | 1 | 7 | |a Estrategias de aprendizaje |2 BNE |9 18354 |
| 650 | 1 | 7 | |a Geografía |2 BNE |9 8194 |
| 650 | 1 | 7 | |a Reconocimiento topográfico |2 BNE |9 17988 |
| 650 | 1 | 4 | |a Investigaciones |9 4956 |
| 710 | 2 | |a Universidad Distrital Francisco José de Caldas |9 652 | |
| 710 | 2 | |a Instituto para la Investigación Educativa y Desarrollo Pedagógico, IDEP |9 17 | |
| 942 | |2 LOC |c MO |h INV178 |i Ej. 1 |6 INV_178_000000000000000_EJ__1 | ||
| 856 | |u https://catalogo.idep.edu.co/cgi-bin/koha/opac-detail.pl?biblionumber=2265 |z Enlace del recurso | ||